000 00431nam a2200169Ia 4500
003 LK-CoDNM
008 010623t xxu||||| |||| 00| 1 sin d
040 _aLK-CoDNM
_dLK-CoDNM
_eLK-CoDNM
041 _asin
080 _a129 JAY
100 _aJayewardena,Tissa.
245 _aඅභිරහස් පුනර්භව
246 _aAbirahas Punarbhava
260 _bSadeepa
_aColombo
300 _b168p,Pl., 22 cm
942 _cBK
999 _c137207
_d137207